| 000 | 00950nam a22002537a 4500 | ||
|---|---|---|---|
| 005 | 20170124102944.0 | ||
| 010 | _aA-689697 | ||
| 020 | _c80.00 | ||
| 035 | _aA-689697 | ||
| 037 | _bCen Lib/Ret | ||
| 040 |
_aDPL _bHN |
||
| 082 |
_a808.6 _bसुदेश |
||
| 100 |
_aसुदेश शरण _95680 |
||
| 245 |
_aअभिनव पत्र लेखन / _cसुदेश शरण |
||
| 246 |
_aAbhinv patr lekhan / _bby Sudesh Sharan |
||
| 260 |
_aदिल्ली _bप्रेम प्रकाशन मंदिर _c1994 |
||
| 270 |
_a3012, बल्लीमारान _bदिल्ली _e110006 |
||
| 300 |
_axi,187पृ. _c19सेमी(सजिल्द) |
||
| 650 |
_aहिंदी साहित्य _949187 |
||
| 650 |
_aहिंदी पत्र _949188 |
||
| 650 |
_aHindi solitary _944725 |
||
| 650 |
_aHindi letters _949189 |
||
| 942 |
_2ddc _cHN _h808.6 _mसुदेश |
||
| 999 |
_c112787 _d112787 |
||